000 00993nam a22003017a 4500
001 6216
003 FISKH
005 20250331085643.0
008 250331b cb ||||| |||| 00| 0 eng d
020 _a9780439638234
040 _aFISKH
_beng
_cFISKH
_dFISKH
050 _aPZ7.P2197 J
082 _a813.54
100 _aPark, Barbara
_d(1947–2013)
245 _aJunie B., first grader :
_bOne-man band /
_cBarbara Park ; illustrated by Denise Brunkus
250 _aThis edition first published in 2005
260 _aNew York :
_bScholastic,
_c2003.
300 _a87 pages :
_billustrations ;
_c20 cm
505 _aL
520 _aWhen Junie B. cannot play in the school kickball tournament because of a sore toe, she brings her unique talents to the halftime show.
521 8 _a520
_bLexile
521 8 _aL
_bRaz-Plus
650 _2Band
_aFiction
650 _2Realistic fiction
_aHumor
700 _aBrunkus, Denise
_dillustrator
942 _2ddc
_cBK
_n0
999 _c6216
_d6216